Prestuplenija nacistov i ich posobnikov v Pribaltike, (Ėstonija)
| Titel: | Prestuplenija nacistov i ich posobnikov v Pribaltike, (Ėstonija) : 1941 - 1944 ; dokumenty i svidetel'stva |
|---|---|
| Veröffentlicht: | Tallinn : Obščestvennyj Sojuz Protiv Neofašizma i Mežnacional'noj Rozni, 2006 |
| Umfang: | 528 Seiten : Illustrationen |
| Format: | Buch |
| Sprache: | Russisch |
| ISBN: | 9949135419 |
| Hinweise zum Inhalt: |
Inhaltsverzeichnis
|
alg: 19035046 001A $03004:13-09-07 001B $01999:09-05-25 $t08:03:36.000 001D $03004:09-12-09 001U $0utf8 001X $00 002@ $0Aau 002C $aText $btxt $2rdacontent 002D $aohne Hilfsmittel zu benutzen $bn $2rdamedia 002E $aBand $bnc $2rdacarrier 003@ $0190350466 003O $0611651691 $aOCoLC 004A $09949-13-541-9 006G $0981423361 006U $008,A03,2295 $f20061004 007A $0190350466 $aHEB 007G $0DE0206F8B0346C018FC99C12579B100345A0B 009P $qapplication/pdf $A2 $3Inhaltsverzeichnis $uhttp://scans.hebis.de/HEBCGI/show.pl?19035046_toc.pdf $mV:DE-603;B:DE-Mb50 010@ $arus 011@ $a2006 013D $RFührer $#Directories $#Répertoires $#Repertorium Verzeichnis $74188171-0 $8Verzeichnis [Ts1] $9085925047 021A $aPrestuplenija nacistov i ich posobnikov v Pribaltike, (Ėstonija) $d1941 - 1944 ; dokumenty i svidetel'stva 033A $pTallinn $nObščestvennyj Sojuz Protiv Neofašizma i Mežnacional'noj Rozni 034D $a528 Seiten 034M $aIllustrationen 044K $qDNB $RGouvernement Estland $REstnische Sozialistische Sowjetrepublik $#Estland $#Estland $#Estland $#Estland (vor 1940) $#Republik Estland $#Estnische Republik $#Eesti $#Eesti Vabariik $#EV $#Estonia $#Republic of Estonia $#Estonie $#Ėstonskaja Respublika $74015587-0 $8Estland [Tg1] $9085035777 044K $qDNB $RBesatzungspolitik $RBesatzungsmacht $RBesetzte Gebiete $#Military occupation $#Occupation militaire $#Occupazione bellica $#Invasion $#Besatzungsstatus $#Okkupation $#Besatzung Völkerrecht $#Okkupation $74006020-2 $8Besetzung [Ts1] $9085008095 044K $qDNB $RKombattant $ROpposition $RWiderstandskämpfer $RProtest $#Government, Resistance to $#Underground movements, War $#Résistance politique $#Mouvements de résistance $#Politischer Widerstand $#Widerstand $#Widerstandsbewegung $#Politischer Widerstand $#Widerstandsbewegung $#Politischer Widerstand $#Widerstandsbewegung $74079262-6 $8Widerstand [Ts1] $9085225177 044K $qDNB $RVerfolgter $RPolitische Verfolgung $RWeibliche politisch Verfolgte $#politische Verfolgung $#Politisch Verfolgte $74115581-6 $8Politisch Verfolgter [Ts1] $9085349879 045E $c940 045F $a947.98084 $eDDC22ger 045F/01 $a947.98084 045G $a900.9479809043 $eDDC23BSB 045G/01 $a900 045G/03 $f09043 045G/03 $f09044 045G/03 $f0904 045G/03 $g4798 045H $a340.09 $eDDC23BSB 045H/01 $a340.09 045H/03 $g4798 045R $aGeschichte 1941-1944 046L $aIn kyrillischer Schrift, russisch lok: 19035046 24 101B $009-12-09 $t10:38:02.000 101C $009-12-09 101U $0utf8 145Z/01 $a47 7 N 145Z/02 $a47 5 F 145Z/03 $a47 7 Nk 145Z/04 $a47 12 C exp: 19035046 24 1 #EPN 201B/01 $009-12-09 $t10:41:45.000 201C/01 $013-09-07 201U/01 $0utf8 203@/01 $0508528429 208@/01 $a13-09-07 $bz 209A/01 $a09.7610 $du $f050 $h09 7610 $x00 209C/01 $a09.7610 K $h09 7610 K 209G/01 $a72535596 $x00 220C/01 $amar 247C/01 $8358050-7Marburg, Bibliothek des Herder-Instituts Marburg $9102600961
| LEADER | 00000cam a2200000 c 4500 | ||
|---|---|---|---|
| 001 | 190350466 | ||
| 003 | DE-603 | ||
| 005 | 20250509080336.0 | ||
| 007 | tu | ||
| 008 | 070913s2006 xx |||| | u00||u|rus | ||
| 015 | |a 08,A03,2295 |2 dnb | ||
| 016 | 7 | |2 DE-101 |a 981423361 | |
| 020 | |a 9949135419 | ||
| 035 | |a (DE-599)HEB190350466 | ||
| 035 | |a (OCoLC)611651691 | ||
| 040 | |a DE-603 |b ger |c DE-603 |d DE-603 | ||
| 041 | |a rus | ||
| 082 | 0 | 4 | |8 1\u |a 947.98084 |q DE-101 |2 22/ger |
| 083 | 0 | |8 2\u |a 900.9479809043 |q DE-101 |2 23/BSB | |
| 083 | 0 | |8 3\u |a 340.09 |q DE-101 |2 23/BSB | |
| 084 | |a 940 |q DE-101 |2 sdnb | ||
| 085 | |8 1\u |b 947.98084 | ||
| 085 | |8 2\u |b 900 | ||
| 085 | |8 2\u |z 1 |s 09043 | ||
| 085 | |8 2\u |z 1 |s 09044 | ||
| 085 | |8 2\u |z 1 |s 0904 | ||
| 085 | |8 2\u |z 2 |s 4798 | ||
| 085 | |8 3\u |b 340.09 | ||
| 085 | |8 3\u |z 2 |s 4798 | ||
| 245 | 0 | 0 | |a Prestuplenija nacistov i ich posobnikov v Pribaltike, (Ėstonija) |b 1941 - 1944 ; dokumenty i svidetel'stva |
| 264 | 1 | |a Tallinn |b Obščestvennyj Sojuz Protiv Neofašizma i Mežnacional'noj Rozni |c 2006 | |
| 300 | |a 528 Seiten |b Illustrationen | ||
| 336 | |a Text |b txt |2 rdacontent | ||
| 337 | |a ohne Hilfsmittel zu benutzen |b n |2 rdamedia | ||
| 338 | |a Band |b nc |2 rdacarrier | ||
| 546 | |a In kyrillischer Schrift, russisch | ||
| 648 | 7 | |a Geschichte 1941-1944 |2 gnd | |
| 650 | 7 | |a Besetzung |0 (DE-588)4006020-2 |0 (DE-603)085008095 |2 gnd | |
| 650 | 7 | |a Widerstand |0 (DE-588)4079262-6 |0 (DE-603)085225177 |2 gnd | |
| 650 | 7 | |a Politisch Verfolgter |0 (DE-588)4115581-6 |0 (DE-603)085349879 |2 gnd | |
| 651 | 7 | |a Estland |0 (DE-588)4015587-0 |0 (DE-603)085035777 |2 gnd | |
| 655 | 7 | |a Verzeichnis |2 gnd-content |0 (DE-588)4188171-0 |0 (DE-603)085925047 | |
| 856 | 4 | 2 | |m V:DE-603;B:DE-Mb50 |q application/pdf |u http://scans.hebis.de/HEBCGI/show.pl?19035046_toc.pdf |3 Inhaltsverzeichnis |
| 924 | 0 | |9 Mb 50 |a (DE-603)508528429 |b DE-Mb50 |c HES |d c |g 09.7610 | |


